Newcastle United Squad 2024-2025 - Statistics

General Stats
  • This quiz has been taken 392 times
    139 since last reset
  • The average score is 23 of 32
Answer Stats
# Position Nation Player % Correct
14 FW Sweden Alexander Isak
97%
1 GK Slovakia Martin Dúbravka
95%
5 DF Switzerland Fabian Schär
94%
8 MF Italy Sandro Tonali
93%
7 MF Brazil Joelinton
92%
10 FW England Anthony Gordon
91%
2 DF England Kieran Trippier
91%
4 DF Netherlands Sven Botman
91%
39 MF Brazil Bruno Guimarães
88%
22 GK England Nick Pope
87%
9 FW England Callum Wilson
84%
24 FW Paraguay Miguel Almirón
84%
21 DF England Tino Livramento
83%
33 DF England Dan Burn
82%
11 FW England Harvey Barnes
82%
- Coach England Eddie Howe
77%
23 FW England Jacob Murphy
75%
37 DF Ireland Alex Murphy
74%
6 DF England Jamaal Lascelles
72%
17 DF Sweden Emil Krafth
71%
20 DF England Lewis Hall
71%
28 MF England Joe Willock
70%
36 MF England Sean Longstaff
70%
67 MF England Lewis Miley
64%
19 GK Greece Odysseas Vlachodimos
62%
18 FW Denmark William Osula
55%
13 DF England Matt Targett
53%
12 DF Northern Ireland Jamal Lewis
45%
25 DF England Lloyd Kelly
34%
38 FW Australia Garang Kuol
32%
26 GK England John Ruddy
31%
29 GK England Mark Gillespie
28%
No matching quizzes found
Score Distribution
Percent of People with Each Score
Percentile by Number Answered
Your Score History
You have not taken this quiz since the last reset